| 000 | 00913nam0a22002771 4500 | ||
|---|---|---|---|
| 001 | rc\129725 | ||
| 005 | 20260406051933.0 | ||
| 010 |
_a5-211-03159-8 _920000 |
||
| 035 | _a(NLR Aleph) 005404585 | ||
| 090 |
_a7309094 _c7309094 |
||
| 100 | _a20030307d1994 |||y0rusy50 ca | ||
| 101 | 0 | _arus | |
| 102 | _aRU | ||
| 105 | _ay ||||||||| | ||
| 200 | 1 |
_aЛитература и Зло _e[Сб. ст. _eПер. с фр. _fАвт. предисл. Н. Бунтман] |
|
| 210 |
_aМ. _cМГУ _d1994 |
||
| 215 |
_a165, [1] с. _d21 |
||
| 300 | _aПеревод изд.: La litterature et le Mal / Georges Bataille (Ed. Gallimard) | ||
| 320 | _aБиблиогр. в примеч.: с. 147-164 | ||
| 700 | 1 |
_7ca _8rus _aБатай _bЖ. _f1897-1962 _gЖорж _9117017 _3RU\NLR\AUTH\777077 |
|
| 801 | 0 |
_aRU _bNLR _gpsbo |
|
| 801 | 1 |
_aRU _bELAR _2rusmarc |
|
| 852 |
_aNLR _j94-3/5843 |
||
| 942 | _cBOOK | ||
| 980 | _aNB | ||